Efectividad de diferentes formulaciones de glifosato, solas o en mezclas con coadyuvantes, sobre la población resistente de Lolium perenne /

Guardado en:
Autor Principal: Campos, Javier.
Autor Corporativo: Universidad Nacional del Sur. Departamento de Agronomía.
Otros Autores: Sabbatini, Mario Ricardo, (tutor.)
Formato: Libro
Idioma:Spanish
Publicado: Bahía Blanca, 2013.
Etiquetas: Agregar Etiqueta
Sin Etiquetas, Sea el primero en etiquetar este registro!
LEADER 00790nam a22001815a 4500
001 EEA.libagro009209
008 130809s2013####ag#a##########000#0#spa#d
005 20200218103242.0
245 1 0 |a Efectividad de diferentes formulaciones de glifosato, solas o en mezclas con coadyuvantes, sobre la población resistente de Lolium perenne /  |c Javier Campos. 
260 |a Bahía Blanca,  |c 2013. 
300 |a 28 h. :  |b il. ;  |c 30 cm. 
500 |a Trabajo de intensificación (Ingeniero Agrónomo) -- Universidad Nacional del Sur. Departamento de Agronomía, 2013. 
100 1 |a Campos, Javier. 
700 1 |a Sabbatini, Mario Ricardo,  |e tutor. 
710 2 |a Universidad Nacional del Sur.  |b Departamento de Agronomía. 
082 0 4 |a 632.954 
041 1 |a spa 
859 |a AR-BbBCA  |b BIB. AGRONOMIA  |h 632.954  |i C198  |p 2013/6273